Normal view
MARC view
Entry Topical Term
001 - CONTROL NUMBER
- control field: 32270
003 - CONTROL NUMBER IDENTIFIER
- control field: ARRUPE
005 - DATE AND TIME OF LATEST TRANSACTION
- control field: 20170607125638.0
008 - FIXED-LENGTH DATA ELEMENTS
- fixed length control field: 170607|| aca||aabn | a|a d
040 ## - CATALOGING SOURCE
- Original cataloging agency: ARRUPE
- Transcribing agency: ARRUPE
150 ## - HEADING--TOPICAL TERM
- Topical term or geographic name as entry element: Igbo (African people)
- General subdivision: Politics and government.
670 ## - SOURCE DATA FOUND
- Source citation: Work cat.: (ARRUPE)25592: Ejiofor, Lambert U. 32269, Dynamics of Igbo democracy :, 1981.